[Event "22nd Abu Dhabi Masters"]
[Site "Abu Dhabi UAE"]
[Date "2015.08.26"]
[Round "5.28"]
[White "Ezat,M"]
[Black "Severina,M"]
[Result "1/2-1/2"]
[WhiteTitle "IM"]
[BlackTitle "WIM"]
[WhiteElo "2476"]
[BlackElo "2276"]
[WhiteFideId "10600906"]
[BlackFideId "4116909"]
[EventDate "2015.08.23"]

1. d4 Nf6 2. c4 e6 3. Nf3 b6 4. g3 Bb7 5. Bg2 Be7 6. O-O O-O 7. Re1 Na6 8. Ne5
Bxg2 9. Kxg2 c5 10. d5 Qc7 11. Nf3 exd5 12. cxd5 d6 13. Nc3 Rfe8 14. e4 Qb7 15.
a3 b5 16. b4 Rac8 17. Qb3 cxb4 18. axb4 Rc4 19. Nd2 Rd4 20. Ra5 Rd3 21. Qa3 Qc8
22. Ndb1 Nb8 23. Rxa7 Bd8 24. Re3 Qc4 25. Qa2 Nbd7 26. Qe2 Rd4 27. Qxc4 Rxc4 28.
Rb7 Ne5 29. Na3 Rxb4 30. Rxb5 Rd4 31. Rb8 Nfd7 32. Nab5 Nxb8 33. Nxd4 Bb6 34.
Ncb5 Rc8 35. Ba3 Rc4 36. Bxd6 Ned7 37. Rd3 f6 38. f3 Na6 39. Ra3 Nac5 40. Ra8+
Kf7 41. Rc8 Ra4 42. Nf5 Ra2+ 43. Kf1 Nd3 44. Nfd4 Rf2+ 45. Kg1 Rb2 46. Kh1 Nf2+
47. Kg1 Nxe4 48. Bc7 Bc5 49. Bd6 Bb6 50. fxe4 Rxb5 51. Rc4 Ne5 52. Ra4 Bxd4+ 1/2-1/2

[Event "22nd Abu Dhabi Masters"]
[Site "Abu Dhabi UAE"]
[Date "2015.08.26"]
[Round "5.29"]
[White "Ris,R"]
[Black "Fendereski,Nima"]
[Result "1/2-1/2"]
[WhiteTitle "IM"]
[WhiteElo "2449"]
[BlackElo "2268"]
[WhiteFideId "1011480"]
[BlackFideId "12533807"]
[EventDate "2015.08.23"]

1. d4 Nf6 2. c4 e6 3. Nf3 b6 4. Nc3 Bb4 5. Bg5 h6 6. Bh4 Bb7 7. Nd2 c5 8. d5 d6
9. e4 e5 10. Rc1 g5 11. Bg3 Nbd7 12. h4 Rg8 13. hxg5 hxg5 14. a3 Bxc3 15. Rxc3
Qe7 16. Bh2 Rh8 17. Rh3 Rxh3 18. gxh3 O-O-O 19. Bg3 Rh8 20. h4 Qd8 21. Rh2 Nxd5
22. hxg5 Nf4 23. Qg4 Rxh2 24. Bxh2 Ng6 25. Bh3 Kc7 26. Qxd7+ Qxd7 27. Bxd7 Kxd7
28. Ke2 Ke6 29. Ke3 Bc6 1/2-1/2

[Event "22nd Abu Dhabi Masters"]
[Site "Abu Dhabi UAE"]
[Date "2015.08.26"]
[Round "5.30"]
[White "Padmini,R"]
[Black "Antonio,V"]
[Result "1/2-1/2"]
[WhiteTitle "IM"]
[WhiteElo "2444"]
[BlackElo "2255"]
[WhiteFideId "5029295"]
[BlackFideId "5027330"]
[EventDate "2015.08.23"]

1. d4 Nf6 2. Nf3 g6 3. Bg5 Ne4 4. Bf4 Bg7 5. Nbd2 d5 6. e3 c5 7. c3 Nc6 8. Be2
O-O 9. O-O Qb6 10. Qb3 Nxd2 11. Nxd2 Bf5 12. Qxb6 axb6 13. Bc7 e5 14. dxc5 bxc5
15. Bd6 Rfd8 16. Bxc5 b6 17. Ba3 d4 18. exd4 exd4 19. c4 d3 20. Bf3 Rxa3 21.
bxa3 Bxa1 22. Rxa1 Nd4 23. Bd5 Rd7 24. f3 Ra7 25. Nb3 Nxb3 26. axb3 d2 27. Rd1
Rxa3 28. Rxd2 Rxb3 29. Re2 Kf8 30. Ra2 Be6 31. Bxe6 fxe6 32. Ra7 h5 33. Kf2 h4
34. Rb7 Rb4 35. h3 Rxc4 1/2-1/2

[Event "22nd Abu Dhabi Masters"]
[Site "Abu Dhabi UAE"]
[Date "2015.08.26"]
[Round "5.31"]
[White "Heydarli,K"]
[Black "Visakh,N R"]
[Result "1/2-1/2"]
[WhiteTitle "IM"]
[WhiteElo "2256"]
[BlackElo "2411"]
[WhiteFideId "13404423"]
[BlackFideId "25012223"]
[EventDate "2015.08.23"]

1. d4 Nf6 2. Nf3 e6 3. c4 d5 4. Nc3 dxc4 5. e3 a6 6. a4 c5 7. Bxc4 Nc6 8. O-O
Be7 9. Qe2 cxd4 10. exd4 Nxd4 11. Nxd4 Qxd4 12. Rd1 Qh4 13. Be3 Qh5 14. Qxh5
Nxh5 15. Be2 Nf6 16. Bf3 O-O 17. a5 Bb4 18. Ra4 Bxc3 19. bxc3 Bd7 20. Rb4 Bc6
21. Bxc6 bxc6 22. Rb6 Nd5 23. Rxc6 Rfc8 24. Rxc8+ Rxc8 25. Bd4 f6 26. g3 Kf7 27.
f4 Ke7 28. Rb1 Kd7 29. Kf2 Rc7 30. Rb8 h6 31. Ra8 Nxc3 32. Bxc3 Rxc3 33. Rxa6
Rc2+ 34. Kf3 Rxh2 35. Ra7+ Kd6 36. Rxg7 Ra2 37. Rg6 f5 38. Rxh6 Rxa5 39. Rh1 Ke7
40. Re1 Kf6 41. Re3 Ra1 42. Kf2 Rb1 43. Kf3 Kf7 44. Kf2 Rh1 45. Kf3 Rh2 46. Re2
Rh1 47. Kg2 1/2-1/2

[Event "22nd Abu Dhabi Masters"]
[Site "Abu Dhabi UAE"]
[Date "2015.08.26"]
[Round "5.32"]
[White "Nezad,H"]
[Black "Sindarov,Javokhir"]
[Result "1/2-1/2"]
[WhiteTitle "IM"]
[BlackTitle "CM"]
[WhiteElo "2404"]
[BlackElo "2198"]
[WhiteFideId "12100293"]
[BlackFideId "14205483"]
[EventDate "2015.08.23"]

1. d4 d6 2. e4 Nf6 3. Nc3 Nbd7 4. Nf3 e5 5. Bc4 Be7 6. O-O O-O 7. a4 a6 8. a5
exd4 9. Nxd4 Ne5 10. Ba2 c5 11. Nf5 Bxf5 12. exf5 Nc6 13. g4 Nb4 14. g5 Ne8 15.
Qg4 Nxa2 16. Rxa2 Qd7 17. Nd5 Bd8 18. Ra3 g6 19. Rh3 Qxf5 20. Qxf5 gxf5 21. Kh1
Kh8 22. Bd2 Nc7 23. Bc3+ Kg8 24. Nf6+ Bxf6 25. gxf6 Kh8 26. Re1 Ne6 27. Rh4 d5
28. Re5 d4 29. Rxf5 Rg8 30. Rfh5 Nf8 31. Bd2 Re8 32. Rxc5 Re2 33. Bb4 Rxf2 34.
h3 1/2-1/2

[Event "22nd Abu Dhabi Masters"]
[Site "Abu Dhabi UAE"]
[Date "2015.08.26"]
[Round "5.33"]
[White "Saleh,Nab"]
[Black "Raetsky,A"]
[Result "0-1"]
[WhiteTitle "FM"]
[BlackTitle "GM"]
[WhiteElo "2249"]
[BlackElo "2402"]
[WhiteFideId "9300139"]
[BlackFideId "4103203"]
[EventDate "2015.08.23"]

1. d4 e6 2. Nf3 f5 3. g3 Nf6 4. Bg2 Be7 5. O-O O-O 6. c4 d6 7. b3 Qe8 8. Bb2 Bd8
9. Nbd2 Nc6 10. a3 e5 11. d5 Ne7 12. e4 Qh5 13. Ne1 Qh6 14. exf5 Bxf5 15. Qe2 c6
16. c5 cxd5 17. cxd6 Nc6 18. Ndf3 Bb6 19. Nh4 Bg4 20. Bf3 Bh3 21. Bg2 Bg4 22.
Bf3 Qh5 23. Bxg4 Qxg4 24. Qxg4 Nxg4 25. Nd3 e4 26. Nf4 g5 27. Nxd5 Bxf2+ 0-1

[Event "22nd Abu Dhabi Masters"]
[Site "Abu Dhabi UAE"]
[Date "2015.08.26"]
[Round "5.34"]
[White "Gaponenko,I"]
[Black "Patil,Pr2"]
[Result "1/2-1/2"]
[WhiteTitle "IM"]
[WhiteElo "2402"]
[BlackElo "2186"]
[WhiteFideId "14101181"]
[BlackFideId "5038758"]
[EventDate "2015.08.23"]

1. e4 c5 2. Nf3 e6 3. d4 cxd4 4. Nxd4 a6 5. c4 Qc7 6. Nc3 Nf6 7. a3 b6 8. Be3
Bb7 9. f3 d6 10. Be2 Nbd7 11. Qd2 Be7 12. O-O O-O 13. Rfc1 Rac8 14. b4 Rfe8 15.
Rab1 Qb8 16. Rc2 Bd8 17. Kh1 Bc7 18. Bg1 Qa8 19. a4 h5 20. Bf2 Ne5 21. a5 bxa5
22. b5 Bb8 23. bxa6 Bxa6 1/2-1/2

[Event "22nd Abu Dhabi Masters"]
[Site "Abu Dhabi UAE"]
[Date "2015.08.26"]
[Round "5.35"]
[White "Zozek,S"]
[Black "Abhishek,K"]
[Result "1/2-1/2"]
[WhiteTitle "FM"]
[WhiteElo "2225"]
[BlackElo "2400"]
[WhiteFideId "4803361"]
[BlackFideId "5019257"]
[EventDate "2015.08.23"]

1. d4 Nf6 2. c4 g6 3. Nc3 Bg7 4. e4 d6 5. f3 O-O 6. Be3 c5 7. Nge2 Nc6 8. d5 Ne5
9. Ng3 h5 10. Be2 e6 11. O-O exd5 12. cxd5 a6 13. a4 Rb8 14. Qd2 Re8 15. Nh1 Qd7
16. Rab1 Qc7 17. b4 cxb4 18. Rxb4 Nfd7 19. Rc1 Nc5 20. Nf2 Qa5 21. Rcb1 Bd7 22.
f4 Ng4 23. Bxg4 hxg4 24. Bd4 Qd8 25. Bxg7 Kxg7 26. Qd4+ Qf6 27. Qxf6+ Kxf6 28.
Rb6 Kg7 29. Rxd6 Bxa4 30. Nxa4 Nxa4 31. e5 Nc3 32. Rb2 a5 33. Rc2 Rbc8 34. Rd7
b5 35. e6 b4 36. Rxf7+ Kh8 37. Nxg4 Ne4 38. Rxc8 Rxc8 39. h4 b3 1/2-1/2

[Event "22nd Abu Dhabi Masters"]
[Site "Abu Dhabi UAE"]
[Date "2015.08.26"]
[Round "5.36"]
[White "Bulmaga,I"]
[Black "Ghorbani,H"]
[Result "1-0"]
[WhiteTitle "IM"]
[WhiteElo "2393"]
[BlackElo "2084"]
[WhiteFideId "13903063"]
[BlackFideId "12502910"]
[EventDate "2015.08.23"]

1. e4 c5 2. Nf3 Nc6 3. d4 cxd4 4. Nxd4 Nf6 5. Nc3 e5 6. Ndb5 d6 7. Bg5 a6 8. Na3
b5 9. Nd5 Be7 10. Bxf6 Bxf6 11. c4 O-O 12. cxb5 Nd4 13. bxa6 Bg5 14. Bd3 Qa5+
15. Nc3 Bxa6 16. O-O Rab8 17. Bxa6 Qxa6 18. Rb1 Rfc8 19. Qg4 h6 20. h4 Bf4 21.
Nd5 Rc1 22. Rbxc1 Bxc1 23. Nc2 Qe2 24. Nf6+ Kf8 25. Nxd4 Qxg4 26. Nxg4 exd4 27.
Rxc1 Rxb2 28. Rd1 Rb4 29. Nh2 Ra4 30. Nf3 Rxa2 31. Nxd4 Ra4 32. f3 1-0

[Event "22nd Abu Dhabi Masters"]
[Site "Abu Dhabi UAE"]
[Date "2015.08.26"]
[Round "5.37"]
[White "Kryvoruchko,Vita"]
[Black "Rohan,A"]
[Result "1/2-1/2"]
[WhiteTitle "WGM"]
[BlackTitle "FM"]
[WhiteElo "2210"]
[BlackElo "2389"]
[WhiteFideId "14108917"]
[BlackFideId "5090598"]
[EventDate "2015.08.23"]

1. e4 e5 2. Nf3 Nc6 3. Bb5 a6 4. Ba4 Nf6 5. O-O Be7 6. Re1 b5 7. Bb3 d6 8. c3
O-O 9. h3 Nb8 10. d4 Nbd7 11. Nbd2 Bb7 12. a4 c5 13. Bc2 Qc7 14. Nf1 Rfe8 15.
Ng3 Bf8 16. d5 g6 17. Bg5 h6 18. Be3 c4 19. Qd2 Kh7 20. Bd1 Nc5 21. Bxc5 Qxc5
22. Be2 Qc7 23. Reb1 Nd7 24. b3 bxa4 25. bxa4 Rab8 26. Qa2 a5 27. Qxc4 Nc5 28.
Qa2 Ra8 29. Nd2 Reb8 30. Nb3 Nd7 31. Bb5 Nf6 32. Qc2 Ba6 33. Bxa6 Rxa6 34. Nd2
Rab6 35. Rxb6 Rxb6 36. Rb1 Rxb1+ 37. Nxb1 Nd7 38. Qb3 Nc5 39. Qb5 h5 40. Nd2 Bh6
41. Ngf1 Qa7 42. Kh1 Kg7 43. f3 h4 44. Nc4 Nd7 45. Nxd6 Qf2 46. Nb7 Nf6 47. d6
Nh5 48. d7 Nf4 49. Ne3 Qxe3 50. Qxe5+ Kh7 51. Qd4 Qe2 52. Qg1 Nh5 53. d8=Q Ng3+
54. Kh2 Nf1+ 55. Kh1 Ng3+ 56. Kh2 1/2-1/2

[Event "22nd Abu Dhabi Masters"]
[Site "Abu Dhabi UAE"]
[Date "2015.08.26"]
[Round "5.38"]
[White "Muradli,Mahammad"]
[Black "Gevorgyan,D"]
[Result "1-0"]
[WhiteTitle "CM"]
[BlackTitle "IM"]
[WhiteElo "2027"]
[BlackElo "2374"]
[WhiteFideId "13409301"]
[BlackFideId "13303244"]
[EventDate "2015.08.23"]

1. d4 Nf6 2. Nf3 g6 3. c4 Bg7 4. Nc3 O-O 5. e4 d6 6. Be2 e5 7. Be3 Nbd7 8. O-O
c6 9. Qc2 Qe7 10. d5 c5 11. Ne1 Ne8 12. a3 f5 13. f3 f4 14. Bf2 h5 15. b4 Rf7
16. Nd3 b6 17. bxc5 bxc5 18. Rab1 Nb6 19. Nb5 g5 20. Nxd6 Qxd6 21. Bxc5 Qf6 22.
Bf2 Nd7 23. c5 Nf8 24. Nb4 g4 25. d6 Qg5 26. Qd2 a5 27. Nd5 Ne6 28. Kh1 Bd7 29.
Nb6 Rd8 30. Bc4 Rf6 31. Nxd7 Rxd7 32. Rb8 Kf7 33. Qa2 Qh6 34. Bb5 g3 35. Bxd7
Nxd6 36. cxd6 gxf2 37. Bxe6+ Rxe6 38. d7 Bf6 39. Re8 Bh4 40. Rxf2 Be7 41. Qd5 h4
42. Rxe7+ Kxe7 43. d8=Q+ Kf7 44. Q8d7+ 1-0

[Event "22nd Abu Dhabi Masters"]
[Site "Abu Dhabi UAE"]
[Date "2015.08.26"]
[Round "5.39"]
[White "Sadzikowski,D"]
[Black "Yashas,D"]
[Result "1/2-1/2"]
[WhiteTitle "IM"]
[WhiteElo "2480"]
[BlackElo "2135"]
[WhiteFideId "1132253"]
[BlackFideId "5030196"]
[EventDate "2015.08.23"]

1. Nf3 Nf6 2. c4 e6 3. Nc3 d5 4. d4 Be7 5. Bg5 h6 6. Bh4 b6 7. e3 O-O 8. Bd3 Bb7
9. O-O Nbd7 10. Bg3 c5 11. Qe2 Ne4 12. cxd5 exd5 13. Rfd1 Nxc3 14. bxc3 c4 15.
Bc2 b5 16. Rab1 a6 17. Nd2 Nf6 18. Qf3 Bc6 19. Bh4 Ne4 20. Nxe4 dxe4 21. Bxe7
Qxe7 22. Qf5 Qe6 23. Qxe6 fxe6 24. a4 Rfb8 25. axb5 axb5 26. Ra1 b4 27. Rxa8
Bxa8 28. cxb4 Rxb4 29. Rb1 Rxb1+ 30. Bxb1 g5 31. Kf1 Kf7 32. Ke2 e5 33. dxe5 Ke6
34. Kd2 Kxe5 35. Kc3 Kd5 36. Kb4 c3 37. Ba2+ Kd6 38. Kxc3 Kc5 39. Be6 Bc6 40.
Bg4 Bb5 41. Bf5 Bc6 42. Bg6 Bb7 43. Kd2 Bc6 44. Bh5 Bb5 45. Be2 Bd7 46. Kc3 Bc6
47. Bc4 Bb7 48. Be2 Bc6 49. f3 exf3 50. gxf3 Kd5 51. Kb4 Bd7 52. Bc4+ Ke5 1/2-1/2

[Event "22nd Abu Dhabi Masters"]
[Site "Abu Dhabi UAE"]
[Date "2015.08.26"]
[Round "5.40"]
[White "Berescu,A"]
[Black "Vinoth Kumar,M"]
[Result "1-0"]
[WhiteTitle "GM"]
[BlackTitle "FM"]
[WhiteElo "2464"]
[BlackElo "2166"]
[WhiteFideId "1204920"]
[BlackFideId "5011574"]
[EventDate "2015.08.23"]

1. d4 d6 2. e4 g6 3. Nc3 Bg7 4. f4 a6 5. Nf3 b5 6. Bd3 Bb7 7. O-O c5 8. dxc5
dxc5 9. e5 b4 10. Ne4 Nh6 11. Qe2 Nd7 12. Nfg5 Qb6 13. Bc4 e6 14. Nd6+ Ke7 15.
Be3 Bd5 16. Rad1 Qc6 17. Bxd5 exd5 18. Qf3 Nb6 19. f5 Bxe5 20. Ndxf7 Nxf7 21.
Nxf7 Nc4 22. Rxd5 1-0

[Event "22nd Abu Dhabi Masters"]
[Site "Abu Dhabi UAE"]
[Date "2015.08.26"]
[Round "5.41"]
[White "Derakhshani,D"]
[Black "Sagar,S"]
[Result "1/2-1/2"]
[WhiteTitle "WIM"]
[BlackTitle "IM"]
[WhiteElo "2192"]
[BlackElo "2456"]
[WhiteFideId "12500330"]
[BlackFideId "5022509"]
[EventDate "2015.08.23"]

1. e4 c6 2. d4 d5 3. Nd2 dxe4 4. Nxe4 Nd7 5. Ng5 Ngf6 6. Bd3 e6 7. Qe2 Bd6 8.
N1f3 h6 9. Ne4 Nxe4 10. Qxe4 Qc7 11. Qg4 Kf8 12. O-O b6 13. c4 Bb7 14. b3 c5 15.
dxc5 Nxc5 16. Bc2 e5 17. Bb2 h5 18. Qg3 f6 19. Rad1 Rd8 20. Nh4 e4 21. Ng6+ Kg8
22. Rxd6 Qxd6 23. Nxh8 Qxg3 24. hxg3 Rd2 25. Rc1 Kxh8 26. Bc3 Rd7 27. Rd1 Nd3
28. f3 Kg8 29. Bxd3 exd3 30. Kf2 1/2-1/2

[Event "22nd Abu Dhabi Masters"]
[Site "Abu Dhabi UAE"]
[Date "2015.08.26"]
[Round "5.42"]
[White "Czebe,A"]
[Black "Voiteanu,G"]
[Result "1-0"]
[WhiteTitle "GM"]
[BlackTitle "FM"]
[WhiteElo "2439"]
[BlackElo "2182"]
[WhiteFideId "705268"]
[BlackFideId "1208810"]
[EventDate "2015.08.23"]

1. Nc3 d5 2. e4 dxe4 3. Nxe4 Nf6 4. Nxf6+ exf6 5. d4 g6 6. g3 Bg7 7. Bg2 O-O 8.
Ne2 f5 9. O-O Re8 10. Be3 Nd7 11. Qd2 Nf6 12. Rad1 Ne4 13. Qc1 h5 14. Rfe1 h4
15. f3 Nd6 16. Bg5 Bf6 17. gxh4 Nc4 18. Rd3 f4 19. Qxf4 Bxg5 20. hxg5 Nxb2 21.
Re3 Rxe3 22. Qxe3 Nc4 23. Qf4 Bf5 24. Ng3 Bxc2 25. Rc1 Na3 26. Qe3 Qd6 27. Bf1
Rd8 28. Kg2 Qb4 29. Re1 Rxd4 30. Qe8+ Qf8 31. Qe5 Qd6 32. Qxd6 cxd6 33. Re7 Rb4
34. h4 Kf8 35. Rc7 Rb2 36. Kh3 Rxa2 37. Rxb7 a5 38. h5 gxh5 39. f4 Bd1 40. Ne4
Bf3 41. Rb8+ Ke7 42. Nf6 Ke6 43. Re8+ Kf5 44. Kg3 1-0

[Event "22nd Abu Dhabi Masters"]
[Site "Abu Dhabi UAE"]
[Date "2015.08.26"]
[Round "5.43"]
[White "Ayyad,H"]
[Black "Kowsarinia,A"]
[Result "1-0"]
[WhiteTitle "FM"]
[BlackTitle "FM"]
[WhiteElo "2162"]
[BlackElo "2332"]
[WhiteFideId "11200243"]
[BlackFideId "12500089"]
[EventDate "2015.08.23"]

1. e4 c5 2. Nf3 e6 3. d4 cxd4 4. Nxd4 a6 5. Bd3 Bc5 6. Nb3 Ba7 7. O-O Nc6 8. Qg4
Nf6 9. Qe2 d6 10. Be3 b5 11. Bxa7 Rxa7 12. a4 b4 13. a5 O-O 14. N1d2 e5 15. f4
exf4 16. Rxf4 Re8 17. Qf2 Ng4 18. Qg3 Nge5 19. Bc4 Rc7 20. Qf2 Rf8 21. Rf1 Re7
22. Bd5 Nxa5 23. Nd4 Qb6 24. Kh1 Rc7 25. h3 Qa7 26. N2f3 Ng6 27. Rf5 Bxf5 28.
exf5 Ne7 29. Ba2 b3 30. cxb3 Nd5 31. b4 Nc4 32. Qh4 Nf6 33. g4 Re8 34. g5 Re4
35. Qf2 Nh5 36. g6 hxg6 37. fxg6 d5 38. Bb1 Rf4 39. Qe1 Re7 40. gxf7+ Rfxf7 41.
Qh4 Nf6 42. Bg6 Re4 43. Bxf7+ Qxf7 44. Qg3 Nh5 45. Qg5 Ne3 46. Rc1 Re8 47. Re1
Nf4 48. Ne5 Rxe5 49. Qxe5 Qg6 50. Rg1 Neg2 51. Nf5 Kh8 52. Qb8+ Kh7 53. Ne7 Qe6
54. Rxg2 Qe1+ 55. Kh2 Nxg2 56. Qg8+ Kh6 57. Qh8+ Kg5 58. Qxg7+ Kf4 59. Nxd5+ 1-0

[Event "22nd Abu Dhabi Masters"]
[Site "Abu Dhabi UAE"]
[Date "2015.08.26"]
[Round "5.44"]
[White "Namer,N"]
[Black "Mansour,Sam"]
[Result "0-1"]
[WhiteTitle "CM"]
[BlackTitle "FM"]
[WhiteElo "2158"]
[BlackElo "2292"]
[WhiteFideId "4801890"]
[BlackFideId "8100144"]
[EventDate "2015.08.23"]

1. Nf3 c5 2. e4 g6 3. d4 cxd4 4. c3 Bg7 5. cxd4 d5 6. e5 Bg4 7. Nc3 Nc6 8. Be2
Nh6 9. O-O Nf5 10. Bg5 O-O 11. Qd2 Bxf3 12. Bxf3 Ncxd4 13. Bxd5 h6 14. Bf4 g5
15. Be3 Bxe5 16. Rad1 Qb6 17. g4 Nxe3 18. Qxe3 Bf6 19. Ne4 Bg7 20. Ng3 Rad8 21.
Qe4 e6 22. Bc4 Qc6 23. Qxc6 Nxc6 24. b3 Ne5 25. Be2 Ng6 26. Ne4 Nf4 27. Bc4 Bd4
28. a4 Kg7 29. Rd2 f5 30. Rfd1 e5 31. gxf5 Rxf5 32. Kf1 Rdf8 33. Rxd4 exd4 34.
Rxd4 Nh3 35. Be6 Rxf2+ 36. Nxf2 Rxf2+ 37. Ke1 Rxh2 38. Rd7+ Kf6 39. Bc4 g4 40.
Rxb7 g3 41. Bd5 Nf4 42. Rf7+ Ke5 43. Ba8 a5 44. Re7+ Kf5 45. Ra7 Nd3+ 46. Kf1 h5
47. Rxa5+ Kf4 48. Ra7 h4 49. Rf7+ Ke5 50. Rg7 Rf2+ 51. Kg1 Nf4 52. Rg4 Nh3+ 53.
Kh1 Rh2# 0-1

[Event "22nd Abu Dhabi Masters"]
[Site "Abu Dhabi UAE"]
[Date "2015.08.26"]
[Round "5.45"]
[White "Mahdavirad,M"]
[Black "Akkam,M"]
[Result "1-0"]
[WhiteTitle "FM"]
[WhiteElo "2271"]
[BlackElo "2074"]
[WhiteFideId "12502669"]
[BlackFideId "7601786"]
[EventDate "2015.08.23"]

1. b3 Nf6 2. Bb2 e6 3. e3 c5 4. Nf3 Nc6 5. Bb5 Bd6 6. O-O O-O 7. Re1 Qc7 8. Bxc6
Qxc6 9. Bxf6 gxf6 10. e4 b6 11. c4 Bb7 12. Nc3 Kh8 13. d4 cxd4 14. Qxd4 e5 15.
Qe3 Bb4 16. Nh4 Rg8 17. Nf5 Rg5 18. Nd5 Bxe1 19. Rxe1 Rag8 20. g3 Qe6 21. Nc7
Qc6 22. Nd5 Qe6 23. Qf3 b5 24. h4 R5g6 25. Nc7 Qb6 26. Nxb5 Qa5 27. Rd1 Rf8 28.
Nbd6 Bc6 29. Qe2 Qc5 30. Rd2 h6 31. Kg2 Kh7 32. Qf3 Qb4 33. Rd3 a5 34. Ne7 a4
35. h5 Rg5 36. Qxf6 Qe1 37. Re3 Qb1 38. Ng6 fxg6 39. Qxf8 gxh5 40. Qf7+ Kh8 41.
Qf6+ Kh7 42. Qe7+ Kg8 43. Rf3 Bxe4 44. Qe8+ Kh7 45. Nxe4 Qxe4 46. Qxd7+ Kh8 47.
Qd3 Qa8 48. Kh2 h4 49. gxh4 Rg4 50. Qf5 Rxh4+ 51. Kg3 Rf4 52. Qxe5+ 1-0

[Event "22nd Abu Dhabi Masters"]
[Site "Abu Dhabi UAE"]
[Date "2015.08.26"]
[Round "5.46"]
[White "Anand,N"]
[Black "Raja,H"]
[Result "1-0"]
[WhiteTitle "FM"]
[WhiteElo "2025"]
[BlackElo "2247"]
[WhiteFideId "25009141"]
[BlackFideId "5089000"]
[EventDate "2015.08.23"]

1. e4 c5 2. Nc3 d6 3. f4 g6 4. Nf3 Bg7 5. Bc4 a6 6. a4 e6 7. O-O Ne7 8. Qe1 Nbc6
9. d3 Nd4 10. Qf2 O-O 11. Kh1 d5 12. Ba2 Nxf3 13. Qxf3 d4 14. Ne2 Bd7 15. Ng3
Kh8 16. f5 Ng8 17. Bb3 b5 18. Bf4 e5 19. Bd2 Bc6 20. Qg4 Nf6 21. Qh3 Ng8 22.
Bxf7 Rxf7 23. fxg6 Rxf1+ 24. Rxf1 h6 25. Rf7 Be8 26. Nf5 Bxf7 27. gxf7 Qf6 28.
fxg8=R+ Rxg8 29. g4 Qf7 30. Bxh6 1-0

[Event "22nd Abu Dhabi Masters"]
[Site "Abu Dhabi UAE"]
[Date "2015.08.26"]
[Round "5.47"]
[White "Zayed,A"]
[Black "Swathi,G"]
[Result "0-1"]
[BlackTitle "WGM"]
[WhiteElo "2006"]
[BlackElo "2214"]
[WhiteFideId "9303340"]
[BlackFideId "5003474"]
[EventDate "2015.08.23"]

1. e4 c5 2. f4 b6 3. Nf3 Bb7 4. Nc3 g6 5. d4 Bg7 6. d5 d6 7. Bc4 Ba6 8. Bxa6
Nxa6 9. O-O Nc7 10. a4 Nf6 11. Qd3 a6 12. Rd1 O-O 13. e5 Nfe8 14. b3 f6 15. e6
f5 16. Rb1 Nf6 17. b4 cxb4 18. Rxb4 a5 19. Rb1 Na6 20. Nd4 Nb4 21. Qf3 Rc8 22.
Rxb4 axb4 23. Ncb5 Qe8 24. Bd2 Rc4 25. Qd3 Rc5 26. Bxb4 Nxd5 27. Bxc5 Nxf4 28.
Qf3 bxc5 29. Nc6 Ne2+ 30. Qxe2 Qxc6 31. c4 Be5 32. Rd2 f4 33. a5 f3 34. gxf3
Rxf3 35. Ra2 Rf5 36. Qg2 Qa6 37. Qe4 d5 38. Qe2 dxc4 39. Qxc4 Bd4+ 40. Kh1 Qc6+
41. Rg2 Rf2 0-1

[Event "22nd Abu Dhabi Masters"]
[Site "Abu Dhabi UAE"]
[Date "2015.08.26"]
[Round "5.48"]
[White "Sultan,I"]
[Black "Khouri,I"]
[Result "0-1"]
[WhiteTitle "FM"]
[BlackTitle "FM"]
[WhiteElo "1983"]
[BlackElo "2205"]
[WhiteFideId "9301143"]
[BlackFideId "9301526"]
[EventDate "2015.08.23"]

1. d4 Nf6 2. c4 e6 3. Nf3 b6 4. g3 Bb7 5. Bg2 Be7 6. O-O O-O 7. Nc3 Ne4 8. Qd3
Nxc3 9. Qxc3 d6 10. Qc2 g6 11. Bh6 Re8 12. e4 Nd7 13. Rfd1 Qc8 14. Rac1 Bf6 15.
b4 a5 16. c5 bxc5 17. bxc5 dxc5 18. dxc5 Nb8 19. e5 Be7 20. h4 Bd5 21. Nh2 c6
22. Bxd5 exd5 23. Bg5 Bxg5 24. hxg5 Qh3 25. Nf3 Nd7 26. Re1 Rab8 27. Qa4 Rb5 28.
Qa3 Qg4 29. Kg2 Nf8 30. Rb1 Reb8 31. Rb3 Ne6 32. Reb1 Nf4+ 33. Kg1 Rb4 34. Qxa5
Rxb3 35. Rxb3 Rxb3 36. Qd8+ Kg7 37. Qf6+ Kg8 38. Qd8+ Kg7 39. Qf6+ Kg8 40. axb3
Qxf3 41. Qd8+ Kg7 42. Qf6+ Kg8 43. Qxf4 Qxb3 44. Qf6 Qd1+ 45. Kg2 Qa4 46. Qd8+
Kg7 47. Qf6+ Kg8 48. Qf4 Qxf4 49. gxf4 Kf8 50. Kf3 Ke7 51. f5 gxf5 52. Ke3 Ke6
53. f4 Ke7 54. Ke2 Kf8 55. Kf3 Kg7 56. Kg3 h6 57. gxh6+ Kxh6 58. Kh4 Kg6 59. Kh3
Kh5 60. Kg3 d4 61. Kf3 Kh4 62. Ke2 Kg3 63. Kd3 Kxf4 64. Kxd4 Kg3 65. e6 fxe6 66.
Ke5 f4 67. Kxe6 f3 68. Kd6 f2 69. Kxc6 f1=Q 70. Kd6 Qf4+ 71. Kd5 0-1

[Event "22nd Abu Dhabi Masters"]
[Site "Abu Dhabi UAE"]
[Date "2015.08.26"]
[Round "5.49"]
[White "Nuber,B"]
[Black "Ayyad,M"]
[Result "1-0"]
[WhiteTitle "FM"]
[BlackTitle "FM"]
[WhiteElo "2339"]
[BlackElo "2122"]
[WhiteFideId "24620289"]
[BlackFideId "11200235"]
[EventDate "2015.08.23"]

1. e4 c5 2. c3 e6 3. d4 Nf6 4. e5 Nd5 5. Nf3 cxd4 6. cxd4 b6 7. Bg5 Be7 8. Bxe7
Qxe7 9. Nbd2 d6 10. Qa4+ Bd7 11. Bb5 O-O 12. O-O Bxb5 13. Qxb5 Nd7 14. Rac1 Rac8
15. Qa6 Rxc1 16. Rxc1 dxe5 17. Qxa7 exd4 18. Nxd4 Qb4 19. N2b3 Ne5 20. Qa6 Qe7
21. Rc8 g6 22. g3 Rxc8 23. Qxc8+ Kg7 24. a3 Qf6 25. Qc2 Nf3+ 26. Nxf3 Qxf3 27.
Nd4 Qg4 28. Qd2 h5 29. h4 Qe4 30. Ne2 Qb1+ 31. Kh2 Kg8 32. Nc3 Nxc3 33. Qxc3 Qe4
34. b3 e5 35. a4 Qd5 36. Qb4 Qc6 37. a5 bxa5 38. Qxa5 Qc2 39. Qb6 Qb2 40. Qe3 e4
41. Kg2 Qc2 42. b4 Qb1 43. Qd4 e3 44. fxe3 Qc2+ 45. Kf3 Qf5+ 46. Ke2 Qc2+ 47.
Qd2 Qc6 48. Qd8+ Kh7 49. Kd3 Qf3 50. Qg5 Qd1+ 51. Kc4 Qc2+ 52. Kb5 Qd3+ 53. Kc6
Qa6+ 54. Kc5 Qa7+ 55. Kc4 Qa2+ 56. Kb5 Qg2 57. Kb6 Qe4 58. b5 Qe6+ 59. Kc5 Qc8+
60. Kb4 Qc7 61. Qc5 Qxg3 62. b6 Qxh4+ 63. Kb5 Qe4 64. Qc7 Qd3+ 65. Kc6 Qe4+ 66.
Kd7 Qe6+ 67. Kd8 Kg8 68. b7 Qf6+ 69. Ke8 Qe6+ 70. Qe7 Qc6+ 71. Qd7 Qe4+ 72. Kd8
Qh4+ 73. Kc7 Qc4+ 74. Qc6 1-0